CBRE UK prime rent and yield monitor (Record no. 106474)
[ view plain ]
| 000 -LEADER | |
|---|---|
| fixed length control field | 01023cam a2200229 4500 |
| 001 - CONTROL NUMBER | |
| control field | L136686 |
| 008 - FIXED-LENGTH DATA ELEMENTS--GENERAL INFORMATION | |
| fixed length control field | 070215n2006 000 0 eng u |
| 035 ## - SYSTEM CONTROL NUMBER | |
| System control number | (Sirsi) u136686 |
| 041 0# - LANGUAGE CODE | |
| Language code of text/sound track or separate title | eng |
| 110 2# - MAIN ENTRY--CORPORATE NAME | |
| Corporate name or jurisdiction name as entry element | CB Richard Ellis |
| 9 (RLIN) | 3675 |
| 245 00 - TITLE STATEMENT | |
| Title | CBRE UK prime rent and yield monitor |
| Remainder of title | Fourth Quarter 2006 |
| 260 ## - PUBLICATION, DISTRIBUTION, ETC. | |
| Date of publication, distribution, etc. | 2006 |
| 300 ## - PHYSICAL DESCRIPTION | |
| Extent | London |
| Other physical details | CBRE |
| Dimensions | 2006 |
| 490 #0 - SERIES STATEMENT | |
| Series statement | CB Richard Ellis UK Prime Rent and Yield Monitor |
| Volume/sequential designation | third quarter 2006 |
| 520 ## - SUMMARY, ETC. | |
| Summary, etc. | Reports an upswing in office rents, rising 1.7% over Q4 and 4.8% in 2006, a moderation in investor levels across the retail and industrial sectors, High Street shops rising 1.2% in Q4 giving an annual rate of 3.2%,and rental growth in the industrial sector easing to 0.4% in Q4. |
| 590 ## - LOCAL NOTE (RLIN) | |
| Local note | KA |
| 650 24 - SUBJECT ADDED ENTRY--TOPICAL TERM | |
| Topical term or geographic name entry element | CB RICHARD ELLIS UK PRIME RENT AND YIELD INDEX |
| 651 #4 - SUBJECT ADDED ENTRY--GEOGRAPHIC NAME | |
| Geographic name | United Kingdom |
| Chronological subdivision | |
| 690 ## - LOCAL SUBJECT ADDED ENTRY--TOPICAL TERM (OCLC, RLIN) | |
| Topical term or geographic name as entry element | PROPERTY-COMMERCIAL PROPERTY-COMMERCIAL PROPERTY MARKET |
| 856 40 - ELECTRONIC LOCATION AND ACCESS | |
| Uniform Resource Identifier | <a href="https://www.cbre.com/">https://www.cbre.com/</a> |
| Public note | View the item free of charge at www.cbre.com... |
| 942 ## - ADDED ENTRY ELEMENTS (KOHA) | |
| Suppress in OPAC | 0 |
| Withdrawn status | Lost status | Source of classification or shelving scheme | Damaged status | Not for loan | Home library | Current library | Shelving location | Date acquired | Total Checkouts | Full call number | Barcode | Date last seen | Copy number | Price effective from | Koha item type |
|---|---|---|---|---|---|---|---|---|---|---|---|---|---|---|---|
| Dewey Decimal Classification | Virtual | Virtual | Online | 15/02/2007 | ONLINE PUBLICATION | 136686-1001 | 06/08/2019 | 1 | 06/08/2019 | Book |